Normal view
MARC view
Entry Personal Name
001 - CONTROL NUMBER
- control field: 20213
003 - CONTROL NUMBER IDENTIFIER
- control field: OSt
005 - DATE AND TIME OF LATEST TRANSACTION
- control field: 20151213142641.0
008 - FIXED-LENGTH DATA ELEMENTS
- fixed length control field: 151213|| aca||aabn | a|a d
040 ## - CATALOGING SOURCE
- Original cataloging agency: OSt
- Transcribing agency: OSt
100 ## - HEADING--PERSONAL NAME
- Personal name: विक्रम
670 ## - SOURCE DATA FOUND
- Source citation: Work cat.: (OSt)44480: विक्रम , सृष्टि की खोज , 2009









